Κατάλογος Βιβλιοθηκών Mediterranean College

18th-century fashion in detail / (Record no. 9932)

MARC details
000 -LEADER
fixed length control field 01989nam a22003017a 4500
005 - ΗΜΕΡΟΜΗΝΙΑ ΚΑΙ ΩΡΑ ΤΕΛΕΥΤΑΙΑΣ ΕΝΗΜΕΡΩΣΗΣ
Πεδίο ελέγχου 20250912090827.0
006 - FIXED-LENGTH DATA ELEMENTS--ADDITIONAL MATERIAL CHARACTERISTICS
Πεδίο ελέγχου σταθερού μήκους a|||||r|||||||||||
008 - FIXED-LENGTH DATA ELEMENTS--GENERAL INFORMATION
Πεδίο ελέγχου σταθερού μήκους s2018 |||ao||f |||| 00| 0 eng |
020 ## - ISBN
ISBN 9780500292631
040 ## - ΠΗΓΗ ΚΑΤΑΛΟΓΟΓΡΑΦΗΣΗΣ
Φορέας πρωτότυπης καταλογογράφησης MC Athens Campus Library
Γλώσσα καταλογογράφησης Αγγλικά
100 ## - MAIN ENTRY--PERSONAL NAME
Personal name North, Susan
9 (RLIN) 10103
245 10 - ΤΙΤΛΟΣ ΚΑΙ ΔΗΛΩΣΗ ΥΠΕΥΘΥΝΟΤΗΤΑΣ
Τίτλος 18th-century fashion in detail /
Statement of responsibility, etc. Susan North ; photographs by Henrietta Clare and Richard Davis ; drawings by Leonie Davis and Deborah Mallinson.
246 3# - VARYING FORM OF TITLE
Title proper/short title Eighteenth-century fashion in detail
250 ## - EDITION STATEMENT
Edition statement Revised and expanded edition.
264 #1 - PRODUCTION, PUBLICATION, DISTRIBUTION, MANUFACTURE, AND COPYRIGHT NOTICE
Place of production, publication, distribution, manufacture London ;
-- New York :
Name of producer, publisher, distributor, manufacturer Thames & Hudson :
-- Victoria & Albert Museum,
Date of production, publication, distribution, manufacture, or copyright notice 2018.
300 ## - PHYSICAL DESCRIPTION
Extent 224 p. :
Other physical details ill. (chiefly color) ;
Διαστάσεις 29 cm
500 ## - GENERAL NOTE
Γενική σημείωση "First published in the United Kingdom in 1998 by Victoria and Albert Museum, London"
504 ## - ΣΗΜΕΙΩΣΗ ΒΙΒΛΙΟΓΡΑΦΙΑΣ κλπ.
Σημείωση βιβλιογραφίας, κλπ. Includes bibliographical references (pages 220-222) and index.
520 8# - SUMMARY, ETC.
Summary, etc. This book reveals the decorative seams, refined stitching, voluptuous drapery, strict corseting, slashing, and stamping that make up some of the garments in the Victoria and Albert Museum's superlative fashion collection. With an authoritative text, exquisite color photography of garment details, and line drawings showing the complete construction of each piece, the reader has the unique opportunity to examine up close historical clothing that is often too fragile to be on display. It is an inspirational resource for students, collectors, designers, and anyone who is fascinated by fashion and clothing. This new edition features an updated design, improved navigation, a comprehensive index, and an introduction that sets the examples in full historical context.
610 #0 - SUBJECT ADDED ENTRY--CORPORATE NAME
Corporate name or jurisdiction name as entry element Victoria and Albert Museum
9 (RLIN) 10105
650 #0 - SUBJECT ADDED ENTRY--TOPICAL TERM
Topical term or geographic name entry element Fashion
Form subdivision Catalogs
General subdivision History
Chronological subdivision 18th century
Geographic subdivision Great Britain
9 (RLIN) 10104
650 #0 - SUBJECT ADDED ENTRY--TOPICAL TERM
Topical term or geographic name entry element Fashion
9 (RLIN) 9926
650 #0 - SUBJECT ADDED ENTRY--TOPICAL TERM
Topical term or geographic name entry element Clothing and dress
General subdivision History
9 (RLIN) 10087
700 ## - ΠΡΟΣΘΕΤΗ ΑΝΑΓΡΑΦΗ--ΦΥΣΙΚΟ ΠΡΟΣΩΠΟ
Personal name Clare, Henrietta
Σχέση Φωτογράφος
9 (RLIN) 10106
710 ## - ΠΡΟΣΘΕΤΗ ΑΝΑΓΡΑΦΗ--ΣΥΛΛΟΓΙΚΟ ΟΡΓΑΝΟ
Corporate name or jurisdiction name as entry element Victoria and Albert Museum
9 (RLIN) 10105
942 ## - ADDED ENTRY ELEMENTS (KOHA)
Koha item type Books
Holdings
Τύπος τεκμηρίου Βιβλιοθήκη Τρέχουσα τοποθεσία Barcode Αριθμός εισαγωγής Ημερομηνία απόκτησης Ταξιθετικό σύμβολο Αριθμός αντιτύπου Κατάσταση απόσυρσης Κατάσταση χαμένου Κατάσταση κατεστραμμένου Μη δανεισμός Σύνολο δανεισμών Ημερομηνία τελευταίας εμφάνισης Η τιμή ισχύει από
Books MC Athens Campus Library MC Athens Campus Library 9780000099037 8085 12/09/2025 792.026 NOR 1           12/09/2025 12/09/2025

MC Athens Campus Library
Πατησίων 94 & Κοδριγκτώνος 13, 104 34
Πελλήνης 8 & Πατησίων 107, 112 51
Τ: +30 210 8899600

MC Thessaloniki Campus Library
Ίωνος Δραγούμη 21, 54625 | Ίωνος Δραγούμη 15, 54625
Τ: +30 2310 287779 – Τ: +30 2314 440300